| 000 | 01065cam a2200337 i 4500 | ||
|---|---|---|---|
| 001 | 1177492 | ||
| 003 | YEEZEN | ||
| 005 | 20241024151117.0 | ||
| 008 | 231220s2023 ch ab g b 000 0 chi d | ||
| 020 |
_a9786263611832 _q(平裝) : _cNT$450 |
||
| 040 |
_aTWTNM _bchi _cTWTNM |
||
| 042 | _anbic | ||
| 084 |
_a733.9 / 109.9 / 117.4 _2ncsclt |
||
| 090 | _a733.9 / 109.9 / 117.4 | ||
| 100 | 1 | _a彭啟原 | |
| 245 | 1 | 0 |
_a從前從前,有家金淼寫真舘 : _b吳金淼.吳金榮兄弟鏡頭下的楊梅故事 / _c彭啟原撰文 ; 吳金淼, 吳金榮攝影 |
| 246 | 3 | 0 | _a吳金淼.吳金榮兄弟鏡頭下的楊梅故事 |
| 250 | _a初版 | ||
| 260 |
_a臺北市 : _b遠流, _c2023.09 |
||
| 300 |
_a255面 : _b圖, 地圖 ; _c23公分 |
||
| 490 | 1 |
_a新台灣史記 ; _v14. |
|
| 504 | _a參考書目: 面253. | ||
| 650 | 7 |
_a人文地理 _2lcstt. |
|
| 650 | 7 |
_a歷史 _2lcstt. |
|
| 650 | 7 |
_a照片集 _2lcstt. |
|
| 651 | 7 |
_a桃園市楊梅區 _2lcstt. |
|
| 700 | 1 | _a吳金淼 | |
| 700 | 1 | _a吳金榮 | |
| 830 | 0 |
_a新台灣史記 ; _v14. |
|
| 942 |
_2ccl _cBOOK |
||
| 999 |
_c7609 _d7609 |
||